| 000 | 00811pam a2200241 a 4500 | ||
|---|---|---|---|
| 005 | 20260322212052.0 | ||
| 008 | data | ||
| 010 | _a 93004965 | ||
| 020 | _a0876282656 | ||
| 020 | _a9780876282656 | ||
| 040 |
_aDLC _cDLC _dDLC |
||
| 050 | 0 | 0 |
_aQP143 _b.T65 1993 |
| 082 | 0 | 0 |
_a613.2/071/2 _220 |
| 100 | 1 |
_aToner, Patricia Rizzo, _d1952- |
|
| 245 | 1 | 0 |
_aDiet and nutrition activities / _cPatricia Rizzo Toner. |
| 260 |
_aWest Nyack, N.Y. : _bCenter for Applied Research in Education, _cc1993. |
||
| 300 |
_ax, 150 p. : _bill. ; _c28 cm. |
||
| 490 | 1 |
_aJust for the health of it! ; _vunit 2 |
|
| 500 | _a"Includes 90 ready-to-use worksheets for grades 7-12." | ||
| 650 | 0 |
_aNutrition _xStudy and teaching (Secondary) |
|
| 800 | 1 |
_aToner, Patricia Rizzo, _d1952- _tJust for the health of it! ; _vunit 2. |
|
| 001 | data | ||
| 999 |
_c1234 _d1234 |
||